Normal view
MARC view
- الحديث- النباتات- القرآن والنباتات
Entry Topical Term
001 - CONTROL NUMBER
- control field: 51192
003 - CONTROL NUMBER IDENTIFIER
- control field: JO-AjAnu
005 - DATE AND TIME OF LATEST TRANSACTION
- control field: 20230606082425.0
008 - FIXED-LENGTH DATA ELEMENTS
- fixed length control field: 230606|| aca||aabn | a|a d
040 ## - CATALOGING SOURCE
- Original cataloging agency: JO-AjAnu
- Transcribing agency: JO-AjAnu
150 ## - HEADING--TOPICAL TERM
- Topical term or geographic name entry element: الحديث- النباتات- القرآن والنباتات
670 ## - SOURCE DATA FOUND
- Source citation: Work cat.: (JO-AjAnu)26164: الطلافيح، خالد عبد الله, author 51191, النباتات في الكتاب والسنة